Rius de Catalunya - Statistics

General Stats
  • This quiz has been taken 232 times
  • The average score is 18 of 32
Answers on the Map
Answers color-coded by a green-red scale on the quiz's map according to % correct below.
 
Answer Stats
Answer % Correct
l'Ebre
99%
el Llobregat
98%
el Ter
98%
el Besòs
91%
el Segre
89%
la Noguera Pallaresa
84%
el Fluvià
76%
la Noguera Ribagorçana
76%
la Muga
72%
el Francolí
71%
el Cardener
67%
la Tordera
67%
la Garona
63%
l'Anoia
61%
el Foix
60%
el Freser
51%
el Gaià
51%
el Ripoll
48%
la Valira
48%
l'Onyar
47%
el Congost
42%
el Siurana
36%
el Corb
33%
el Mogent
30%
el Flamisell
29%
el Sió
29%
el Tenes
27%
el Daró
26%
el Llobregós
25%
el Rialb
23%
el Set
21%
el Gurri
20%
No matching quizzes found
Score Distribution
Percent of People with Each Score
Percentile by Number Answered
Your Score History
You have not taken this quiz